| 000 | 00652nam a2200181 u 4500 | ||
|---|---|---|---|
| 001 | 000330122 | ||
| 003 | AM-YeHGA | ||
| 005 | 20250618072054.0 | ||
| 008 | 040423s1985 ||| r 000 0 rus d | ||
| 040 | _aAM-YeHGA | ||
| 041 | 1 |
_arus _harm |
|
| 100 | 1 |
_aԳրիգորյան, Հովհաննես Երվանդի, _d1945-2013 _91645 |
|
| 245 | 1 | 0 |
_aПотерянные письма : _bСтихи, поэма : Пер. с арм. / _cОванес Григорян. |
| 260 |
_aМосква : _bСов. писатель, _c1985. |
||
| 300 |
_a79 с. : _b[1] л. портр. |
||
| 653 | 0 | _aАрмянская советская поэзия | |
| 090 | _c124854 | ||
| 999 |
_c123499 _d123499 |
||